[Event "Rouen op 9th"]
[Site "Rouen"]
[Date "2016.12.20"]
[Round "7"]
[White "Bordais, Dominique"]
[Black "Yuan, Beline"]
[Result "1-0"]
[WhiteElo "1876"]
[BlackElo "1800"]
[PlyCount "93"]
[EventDate "2016.12.17"]
[EventType "swiss"]
[EventRounds "7"]
[EventCountry "FRA"]
[SourceTitle "CBM 176 Extra"]
[Source "ChessBase"]
[SourceDate "2017.03.02"]
[SourceVersion "1"]
[SourceVersionDate "2017.03.02"]
[SourceQuality "1"]

1. e4 e6 2. d4 d5 3. Nd2 Nf6 4. Bd3 c5 5. dxc5 Bxc5 6. Qe2 Nc6 7. Ngf3 Qc7 8. 0-0 h6 9. exd5 Nxd5 10. Nb3 Bd6 11. g3 0-0 12. c4 Nf6 13. c5 Be7 14. Bf4 Qd7 15. Rad1 Nd5 16. Bc1 Qc7 17. Rfe1 Ncb4 18. Bb1 Bxc5 19. a3 Na6 20. Ne5 Nf6 21. Ng4 Be7 22. Nxf6+ Bxf6 23. Qe4 Re8 24. Qf3 Bd7 25. Bxh6 Bc6 26. Be4 Bxe4 27. Rxe4 Bxb2 28. Rg4 f5 29. Rg6 Qf7 30. Qh5 Bf6 31. Bg5 Be5 32. Re1 Bc3 33. Re2 b6 34. Nd2 e5 35. Bf6 Rf8 36. Rxg7+ Qxg7 37. Bxg7 Kxg7 38. Nf3 e4 39. Qg5+ Kh7 40. Nh4 Nc5 41. Nxf5 Rae8 42. Qh6+ Kg8 43. g4 Re6 44. Qg5+ Kf7 45. Qh5+ Kg8 46. Re3 Bf6 47. Qg6+ 1-0

[Event "Rouen op 9th"]
[Site "Rouen"]
[Date "2016.12.20"]
[Round "6"]
[White "Cleaud, Cyril"]
[Black "Bordais, Dominique"]
[Result "0-1"]
[WhiteElo "1761"]
[BlackElo "1876"]
[PlyCount "70"]
[EventDate "2016.12.17"]
[EventType "swiss"]
[EventRounds "7"]
[EventCountry "FRA"]
[SourceTitle "CBM 176 Extra"]
[Source "ChessBase"]
[SourceDate "2017.03.02"]
[SourceVersion "1"]
[SourceVersionDate "2017.03.02"]
[SourceQuality "1"]

1. d4 d5 2. Nf3 Nf6 3. e3 e6 4. Nbd2 Be7 5. Bd3 c5 6. c3 Nc6 7. 0-0 0-0 8. b3 Qc7 9. Bb2 e5 10. dxe5 Nxe5 11. Nxe5 Qxe5 12. Nf3 Qh5 13. Nd2 Qh6 14. e4 Bd6 15. g3 Bg4 16. Qc2 Rfe8 17. Rfe1 Rac8 18. exd5 Nxd5 19. Ne4 Be5 20. Bc1 Qh5 21. Bd2 h6 22. Rac1 Bf3 23. Bf1 f5 24. c4 Bxe4 25. Rxe4 fxe4 26. cxd5 Bd4 27. Bg2 Qxd5 28. Re1 Rcd8 29. Bxe4 Bxf2+ 30. Kxf2 Qxd2+ 31. Qxd2 Rxd2+ 32. Kg1 Re7 33. Bh7+ Kf8 34. Rf1+ Ke8 35. Bg6+ Kd7 0-1

[Event "Rouen op 9th"]
[Site "Rouen"]
[Date "2016.12.19"]
[Round "5"]
[White "Bordais, Dominique"]
[Black "Pineau, Jean Jacques"]
[Result "0-1"]
[WhiteElo "1876"]
[BlackElo "1779"]
[PlyCount "66"]
[EventDate "2016.12.17"]
[EventType "swiss"]
[EventRounds "7"]
[EventCountry "FRA"]
[SourceTitle "CBM 176 Extra"]
[Source "ChessBase"]
[SourceDate "2017.03.02"]
[SourceVersion "1"]
[SourceVersionDate "2017.03.02"]
[SourceQuality "1"]

1. e4 e5 2. Nf3 Nc6 3. Bc4 Nf6 4. d4 exd4 5. e5 d5 6. Bb5 Ne4 7. Nxd4 Bd7 8. Bxc6 bxc6 9. 0-0 Qh4 10. f3 Ng5 11. Nb3 Ne6 12. Be3 h5 13. Qd2 g5 14. g3 Qh3 15. Nc3 g4 16. Qg2 Qxg2+ 17. Kxg2 a5 18. a4 Rb8 19. f4 d4 20. Nxd4 Nxd4 21. Bxd4 c5 22. Be3 Rxb2 23. Rf2 Bc6+ 24. Kf1 h4 25. Ke2 hxg3 26. hxg3 c4 27. Kd2 Bb4 28. f5 Ke7 29. Rf4 Bf3 30. Rxc4 Rh2+ 31. Kd3 c6 32. Bc1 Rbxc2 33. Nd5+ cxd5 0-1

[Event "Rouen op 9th"]
[Site "Rouen"]
[Date "2016.12.19"]
[Round "4"]
[White "Bureau Leroyer, Lola"]
[Black "Bordais, Dominique"]
[Result "0-1"]
[WhiteElo "1595"]
[BlackElo "1876"]
[PlyCount "62"]
[EventDate "2016.12.17"]
[EventType "swiss"]
[EventRounds "7"]
[EventCountry "FRA"]
[SourceTitle "CBM 176 Extra"]
[Source "ChessBase"]
[SourceDate "2017.03.02"]
[SourceVersion "1"]
[SourceVersionDate "2017.03.02"]
[SourceQuality "1"]

1. Nf3 d5 2. c4 dxc4 3. e4 e6 4. Bxc4 Nf6 5. Nc3 a6 6. Bb3 b5 7. Bc2 Bb7 8. e5 Nd5 9. d4 c5 10. Nxd5 Bxd5 11. 0-0 Nc6 12. Be3 cxd4 13. Bxd4 Bxf3 14. Qxf3 Nxd4 15. Qe4 Qd5 16. Rfd1 Qxe4 17. Bxe4 Rd8 18. Kf1 Bc5 19. Rac1 Bb6 20. Rd3 Ke7 21. Rdc3 Rd7 22. f4 g6 23. Bc6 Rc7 24. Be4 Rhc8 25. Bb7 Rxc3 26. bxc3 Rc7 27. Bxa6 b4 28. c4 Bc5 29. Bb5 Ra7 30. Ra1 Ra3 31. g3 b3 0-1

[Event "Rouen op 9th"]
[Site "Rouen"]
[Date "2016.12.18"]
[Round "3"]
[White "Bordais, Dominique"]
[Black "Legky, Nikolay A"]
[Result "0-1"]
[WhiteElo "1876"]
[BlackElo "2425"]
[PlyCount "60"]
[EventDate "2016.12.17"]
[EventType "swiss"]
[EventRounds "7"]
[EventCountry "FRA"]
[SourceTitle "CBM 176 Extra"]
[Source "ChessBase"]
[SourceDate "2017.03.02"]
[SourceVersion "1"]
[SourceVersionDate "2017.03.02"]
[SourceQuality "1"]

1. e4 Nf6 2. e5 Nd5 3. c4 Nb6 4. c5 Nd5 5. Nc3 e6 6. d4 b6 7. cxb6 axb6 8. Nf3 Be7 9. Bd3 Ba6 10. 0-0 Nxc3 11. bxc3 Bxd3 12. Qxd3 d5 13. a4 Qd7 14. Bg5 Bxg5 15. Nxg5 h6 16. Nf3 Rxa4 17. Rae1 Nc6 18. Nd2 Ne7 19. f4 h5 20. Qh3 g6 21. Nf3 Nf5 22. g4 Nh6 23. g5 Nf5 24. Nh4 Ne7 25. Qd3 Qc6 26. Ra1 Kd7 27. Rxa4 Qxa4 28. Rb1 Ra8 29. Kf2 Qc4 30. Ke3 Ra2 0-1

[Event "Rouen op 9th"]
[Site "Rouen"]
[Date "2016.12.18"]
[Round "2"]
[White "Vouin, Denis"]
[Black "Bordais, Dominique"]
[Result "0-1"]
[WhiteElo "1709"]
[BlackElo "1876"]
[PlyCount "62"]
[EventDate "2016.12.17"]
[EventType "swiss"]
[EventRounds "7"]
[EventCountry "FRA"]
[SourceTitle "CBM 176 Extra"]
[Source "ChessBase"]
[SourceDate "2017.03.02"]
[SourceVersion "1"]
[SourceVersionDate "2017.03.02"]
[SourceQuality "1"]

1. b4 c6 2. Bb2 Qb6 3. a3 a5 4. c4 axb4 5. c5 Qc7 6. axb4 Rxa1 7. Bxa1 d6 8. Nf3 Na6 9. cxd6 Qxd6 10. b5 cxb5 11. e4 Bd7 12. Be2 e6 13. 0-0 Ne7 14. d4 Ng6 15. Re1 Be7 16. Nc3 Nc7 17. Qb1 b4 18. e5 Qb6 19. Rc1 0-0 20. Ne4 Ra8 21. Nfd2 Bb5 22. Nc4 Bxc4 23. Bxc4 Nf4 24. g3 Nfd5 25. Bb3 Nb5 26. Qd3 g6 27. Bb2 Rd8 28. Nc5 Ndc3 29. Na4 Qxd4 30. Qxd4 Nxd4 31. Bxc3 Ne2+ 0-1